00546nam a2200169Ia 4500003000900000008003700009040003300046041000800079080001400087100002100101245009400122260002200216300001700238942000700255952009500262999001900357LK-CoDNM010623t xxu||||| |||| 00| 1 eng d aLK-CoDNMdLK-CoDNMeLK-CoDNM aeng a294.3 RAY aRajapakse,D.T.P. aBuddha's Teachings on Aggregates Doctrine of Dependant Origination Mindfulness Emptiness bSrideviaDehiwala b112p., 21 cm cBK 001040708MONOaMAINbMAINd2023-08-02l0o294.3 RAYp139525r2023-08-02w2023-08-02yBK c133817d133817